Statistics for Did Donald Trump Say That?

Click here to take the quiz!

General Stats

  • This quiz has been taken 113 times
  • The average score is 12 of 20

Answer Stats

QuestionAnswer% Correct
"I will build a great great wall on our southern border and I'll have Mexico pay for that wall."Yes
100%
"There are many, many people, tremendous numbers of people that are not satisfied [with President Obama's birth certificate]."Yes
86%
"I don't need anybody's money. I'm using my own money. I'm not using the lobbyists. I'm not using donors. I don't care. I'm really rich."Yes
82%
"I'm a very smart guy. Went to the best college, I had good marks. I was a very smart guy, good student, all that stuff."Yes
75%
"My hands are fine. You know, my hands are normal. Slightly large, actually. Everybody was saying to me, ‘Oh, your hands are very nice. They are normal.'"Yes
74%
"Iraq is the Harvard of terrorism. You want to be a terrorist, you go to Iraq."Yes
69%
"I will be the greatest jobs president that God ever created."Yes
68%
"I can be very presidential. I can be more presidential than any president that this country has ever had except for Abraham Lincoln, because you can’t out-top Abraham Lincoln."Yes
63%
"Free trade is terrible. Free trade can be wonderful if you have smart people. But we have stupid people."Yes
62%
"Happy New Year to all, including to my many enemies and those who have fought me and lost so badly they just don’t know what to do. Love!"Yes
62%
"My fingers are long and beautiful, as, it has been well been documented, are various other parts of my body."Yes
60%
"The global warming that we have to be careful of is the nuclear global warming."Yes
56%
"He [Kim Jong-un] wrote me beautiful letters...we fell in love."Yes
56%
"He [Abraham Lincoln] is overrated. They say he was a great president, but I like presidents that weren’t shot."No
55%
"You have the two views on Mexico, obviously: You have ‘it’s wonderful,’ and you have ‘it’s horrible.’ I’m in the horrible category."No
49%
"Trees cause more pollution than automobiles."No
47%
"Outside of the killings, DC has one of the lowest crime rates in the country."No
47%
"Babies like me, okay? It’s a natural thing. I’m the best with babies, and even with toddlers and so on. A lot of people are saying that."No
36%
"Don’t get me wrong. I like the Canadian people. Nice people, good people probably. Mostly. But, come on, let’s just say it, not big players, right?"No
25%
"I need you to vote for me on Nov. 6, okay? Or the ninth or the eighth—whichever day the day is. Vote for me on the day you vote, okay?"No
23%

Score Distribution

Percentile by Number Answered

Percent of People with Each Score

Your Score History

You have not taken this quiz